[Event "DEM U10 2023"]
[Site "Willingen GER"]
[Date "2023.05.31"]
[Round "6"]
[White "Hoppe, Arthur"]
[Black "Naumann, Lennart"]
[Result "1/2-1/2"]
[Termination "normal"]
[Board "9"]
[WhiteElo "1430"]
[BlackElo "1537"]
[WhiteClock "00:21:53"]
[BlackClock "00:49:18"]
[PlyCount "57"]
[WhiteFideId "34618910"]
[BlackFideId "34644830"]
[EventCountry "GER"]
[EventRounds "11"]
[EventType "swiss"]
[EventDate "2023.05.27"]

1. d4 {[%clk 01:15:59]} {[%emt 00:00:01]} Nf6 {[%clk 01:15:36]} {[%emt
00:00:23]} 2. Nf3 {[%clk 01:16:25]} {[%emt 00:00:05]} d5 {[%clk 01:15:19]}
{[%emt 00:00:46]} 3. c4 {[%clk 01:08:59]} {[%emt 00:07:57]} c6 {[%clk
01:15:34]} {[%emt 00:00:16]} 4. e3 {[%clk 01:07:12]} {[%emt 00:02:17]} e6
{[%clk 01:14:36]} {[%emt 00:01:27]} 5. Bd3 {[%clk 01:07:05]} {[%emt 00:00:36]}
c5 {[%clk 01:14:48]} {[%emt 00:00:19]} 6. O-O {[%clk 01:05:08]} {[%emt
00:02:27]} Nc6 {[%clk 01:14:55]} {[%emt 00:00:23]} 7. b3 {[%clk 01:02:47]}
{[%emt 00:02:51]} Bd6 {[%clk 01:14:49]} {[%emt 00:00:35]} 8. Bb2 {[%clk
01:01:47]} {[%emt 00:01:31]} O-O {[%clk 01:15:04]} {[%emt 00:00:14]} 9. a3
{[%clk 01:02:09]} {[%emt 00:00:09]} b6 {[%clk 01:15:16]} {[%emt 00:00:18]} 10.
Qc2 {[%clk 01:02:25]} {[%emt 00:00:14]} h6 {[%clk 01:15:32]} {[%emt 00:00:14]}
11. Nbd2 {[%clk 01:02:47]} {[%emt 00:00:08]} Bb7 {[%clk 01:15:51]} {[%emt
00:00:11]} 12. Rfd1 {[%clk 01:01:03]} {[%emt 00:02:13]} Rc8 {[%clk 01:15:43]}
{[%emt 00:00:39]} 13. Rac1 {[%clk 01:00:57]} {[%emt 00:00:36]} Qe7 {[%clk
01:14:17]} {[%emt 00:01:56]} 14. dxc5 {[%clk 00:54:32]} {[%emt 00:06:56]} Bxc5
{[%clk 01:12:11]} {[%emt 00:02:36]} 15. b4 {[%clk 00:53:21]} {[%emt 00:01:41]}
Bd6 {[%clk 01:07:34]} {[%emt 00:05:06]} 16. e4 {[%clk 00:48:39]} {[%emt
00:05:12]} Bxb4 {[%clk 01:02:01]} {[%emt 00:06:03]} 17. axb4 {[%clk 00:42:47]}
{[%emt 00:06:22]} Nxb4 {[%clk 01:01:32]} {[%emt 00:01:00]} 18. Qb1 {[%clk
00:43:11]} {[%emt 00:00:06]} Nxd3 {[%clk 01:01:44]} {[%emt 00:00:17]} 19. Qxd3
{[%clk 00:43:39]} {[%emt 00:00:03]} dxe4 {[%clk 01:02:03]} {[%emt 00:00:10]}
20. Bxf6 {[%clk 00:44:05]} {[%emt 00:00:04]} Qxf6 {[%clk 01:01:38]} {[%emt
00:00:54]} 21. Nxe4 {[%clk 00:44:32]} {[%emt 00:00:05]} Qf4 {[%clk 00:58:51]}
{[%emt 00:03:16]} 22. Ned2 {[%clk 00:39:56]} {[%emt 00:05:06]} Rfd8 {[%clk
00:57:59]} {[%emt 00:01:22]} 23. Qa3 {[%clk 00:37:04]} {[%emt 00:03:22]} Qg4
{[%clk 00:55:23]} {[%emt 00:03:06]} 24. h3 {[%clk 00:34:07]} {[%emt 00:03:27]}
Qg6 {[%clk 00:51:48]} {[%emt 00:04:05]} 25. Qxa7 {[%clk 00:27:23]} {[%emt
00:07:14]} Rc7 {[%clk 00:50:21]} {[%emt 00:01:56]} 26. Qa4 {[%clk 00:23:48]}
{[%emt 00:04:06]} Rcd7 {[%clk 00:50:07]} {[%emt 00:00:44]} 27. Kh2 {[%clk
00:22:28]} {[%emt 00:01:50]} Rxd2 {[%clk 00:49:08]} {[%emt 00:01:28]} 28. Rxd2
{[%clk 00:21:53]} {[%emt 00:01:06]} Rxd2 {[%clk 00:49:18]} {[%emt 00:00:20]}
29. Rf1 {[%emt 00:04:22]} 1/2-1/2

[Event "DEM U10 2023"]
[Site "Willingen GER"]
[Date "2023.05.31"]
[Round "6"]
[White "Retzlaff, Nick"]
[Black "Hagn, Tobias"]
[Result "1-0"]
[Termination "normal"]
[Board "10"]
[WhiteElo "1523"]
[BlackElo "1609"]
[WhiteClock "00:24:17"]
[BlackClock "00:00:31"]
[PlyCount "81"]
[WhiteFideId "34610367"]
[BlackFideId "34623728"]
[EventCountry "GER"]
[EventRounds "11"]
[EventType "swiss"]
[EventDate "2023.05.27"]

1. e4 {[%clk 01:15:57]} {[%emt 00:00:02]} e5 {[%clk 01:15:50]} {[%emt
00:00:10]} 2. Nf3 {[%clk 01:16:20]} {[%emt 00:00:07]} Nc6 {[%clk 01:16:00]}
{[%emt 00:00:21]} 3. Bb5 {[%clk 01:16:25]} {[%emt 00:00:25]} a6 {[%clk
01:16:05]} {[%emt 00:00:24]} 4. Ba4 {[%clk 01:16:36]} {[%emt 00:00:20]} Nf6
{[%clk 01:12:19]} {[%emt 00:04:16]} 5. O-O {[%clk 01:16:49]} {[%emt 00:00:17]}
d6 {[%clk 01:11:11]} {[%emt 00:01:37]} 6. Re1 {[%clk 01:13:37]} {[%emt
00:03:42]} b5 {[%clk 01:07:41]} {[%emt 00:04:01]} 7. Bb3 {[%clk 01:13:43]}
{[%emt 00:00:23]} Bg4 {[%clk 01:07:22]} {[%emt 00:00:50]} 8. c3 {[%clk
01:10:36]} {[%emt 00:03:37]} Be7 {[%clk 01:00:55]} {[%emt 00:06:56]} 9. h3
{[%clk 01:01:51]} {[%emt 00:09:15]} Bh5 {[%clk 00:57:58]} {[%emt 00:03:28]} 10.
d3 {[%clk 00:59:34]} {[%emt 00:02:47]} Na5 {[%clk 00:48:13]} {[%emt 00:10:15]}
11. Bc2 {[%clk 00:57:16]} {[%emt 00:02:48]} c5 {[%clk 00:41:03]} {[%emt
00:07:40]} 12. Nbd2 {[%clk 00:52:23]} {[%emt 00:05:23]} O-O {[%clk 00:38:48]}
{[%emt 00:02:44]} 13. Nf1 {[%clk 00:49:48]} {[%emt 00:02:58]} d5 {[%clk
00:21:33]} {[%emt 00:17:54]} 14. g4 {[%clk 00:46:27]} {[%emt 00:03:50]} Nxg4
{[%clk 00:15:24]} {[%emt 00:06:38]} 15. hxg4 {[%clk 00:45:56]} {[%emt
00:01:01]} Bxg4 {[%clk 00:15:25]} {[%emt 00:00:30]} 16. Ne3 {[%clk 00:43:52]}
{[%emt 00:02:33]} Bxf3 {[%clk 00:13:58]} {[%emt 00:01:57]} 17. Qxf3 {[%clk
00:44:11]} {[%emt 00:00:12]} d4 {[%clk 00:13:32]} {[%emt 00:00:56]} 18. cxd4
{[%clk 00:43:30]} {[%emt 00:01:09]} cxd4 {[%clk 00:13:13]} {[%emt 00:00:51]}
19. Nf5 {[%clk 00:43:29]} {[%emt 00:00:31]} Bg5 {[%clk 00:11:26]} {[%emt
00:02:16]} 20. Qg3 {[%clk 00:40:36]} {[%emt 00:03:22]} h6 {[%clk 00:07:40]}
{[%emt 00:04:17]} 21. Qxe5 {[%clk 00:39:47]} {[%emt 00:01:19]} Qf6 {[%clk
00:06:41]} {[%emt 00:01:30]} 22. Qxd4 {[%clk 00:39:26]} {[%emt 00:00:51]} Qg6
{[%clk 00:06:33]} {[%emt 00:00:38]} 23. Bxg5 {[%clk 00:38:53]} {[%emt
00:01:02]} Qxg5+ {[%clk 00:06:55]} {[%emt 00:00:09]} 24. Kf1 {[%clk 00:37:47]}
{[%emt 00:01:35]} Nc6 {[%clk 00:05:20]} {[%emt 00:02:06]} 25. Qe3 {[%clk
00:37:35]} {[%emt 00:00:42]} Qh5 {[%clk 00:04:56]} {[%emt 00:00:53]} 26. Qg3
{[%clk 00:37:27]} {[%emt 00:00:38]} Qg6 {[%clk 00:03:27]} {[%emt 00:02:00]} 27.
Re3 {[%clk 00:35:39]} {[%emt 00:02:18]} Qf6 {[%clk 00:02:35]} {[%emt 00:01:20]}
28. Rb1 {[%clk 00:33:20]} {[%emt 00:02:50]} Ne5 {[%clk 00:02:06]} {[%emt
00:00:59]} 29. Ke2 {[%clk 00:32:56]} {[%emt 00:00:54]} Rac8 {[%clk 00:02:12]}
{[%emt 00:00:25]} 30. Bb3 {[%clk 00:32:54]} {[%emt 00:00:32]} Rfe8 {[%clk
00:01:40]} {[%emt 00:01:02]} 31. Rg1 {[%clk 00:32:38]} {[%emt 00:00:45]} g5
{[%clk 00:01:24]} {[%emt 00:00:46]} 32. f4 {[%clk 00:30:23]} {[%emt 00:02:46]}
Nxd3 {[%clk 00:00:44]} {[%emt 00:01:10]} 33. Rxd3 {[%clk 00:28:19]} {[%emt
00:02:34]} Rxe4+ {[%clk 00:00:58]} {[%emt 00:00:15]} 34. Ne3 {[%clk 00:28:13]}
{[%emt 00:00:37]} Rxf4 {[%clk 00:00:56]} {[%emt 00:00:31]} 35. Rd2 {[%clk
00:26:01]} {[%emt 00:02:43]} Re8 {[%clk 00:00:54]} {[%emt 00:00:31]} 36. Kd1
{[%clk 00:25:51]} {[%emt 00:00:41]} Rfe4 {[%clk 00:00:49]} {[%emt 00:00:35]}
37. Nd5 {[%clk 00:24:56]} {[%emt 00:01:24]} Qc6 {[%clk 00:00:39]} {[%emt
00:00:40]} 38. Rf1 {[%clk 00:24:19]} {[%emt 00:01:07]} R8e6 {[%clk 00:00:33]}
{[%emt 00:00:37]} 39. Qf3 {[%clk 00:24:05]} {[%emt 00:00:44]} Qd7 {[%clk
00:00:31]} {[%emt 00:00:32]} 40. Nf6+ {[%clk 00:24:17]} {[%emt 00:00:17]} Rxf6
41. Rxd7 {[%clk 00:24:17]} 1-0

[Event "DEM U10 2023"]
[Site "Willingen GER"]
[Date "2023.05.31"]
[Round "6"]
[White "Heins, Simon"]
[Black "Shivkumar, Shreyas"]
[Result "1-0"]
[Termination "normal"]
[Board "11"]
[WhiteElo "1592"]
[BlackElo "1394"]
[WhiteClock "00:54:29"]
[BlackClock "00:34:35"]
[PlyCount "149"]
[WhiteFideId "34660194"]
[BlackFideId "34638407"]
[EventCountry "GER"]
[EventRounds "11"]
[EventType "swiss"]
[EventDate "2023.05.27"]

1. e4 {[%clk 01:15:58]} c6 {[%clk 01:15:53]} {[%emt 00:00:08]} 2. d4 {[%clk
01:16:24]} {[%emt 00:00:04]} d5 {[%clk 01:16:15]} {[%emt 00:00:09]} 3. Nc3
{[%clk 01:16:47]} {[%emt 00:00:07]} dxe4 {[%clk 01:16:21]} {[%emt 00:00:24]} 4.
Nxe4 {[%clk 01:17:14]} {[%emt 00:00:02]} Nf6 {[%clk 01:16:41]} {[%emt
00:00:11]} 5. Nxf6+ {[%clk 01:17:38]} {[%emt 00:00:06]} exf6 {[%clk 01:16:48]}
{[%emt 00:00:23]} 6. c3 {[%clk 01:17:59]} {[%emt 00:00:08]} Bd6 {[%clk
01:16:42]} {[%emt 00:00:36]} 7. Bd3 {[%clk 01:18:22]} {[%emt 00:00:07]} O-O
{[%clk 01:16:47]} {[%emt 00:00:25]} 8. Qc2 {[%clk 01:18:46]} {[%emt 00:00:06]}
Re8+ {[%clk 01:16:49]} {[%emt 00:00:28]} 9. Be3 {[%clk 01:18:51]} {[%emt
00:00:25]} h5 {[%clk 01:15:50]} {[%emt 00:01:29]} 10. O-O-O {[%clk 01:19:06]}
{[%emt 00:00:15]} Be6 {[%clk 01:15:45]} {[%emt 00:00:36]} 11. c4 {[%clk
01:19:18]} {[%emt 00:00:18]} Nd7 {[%clk 01:15:58]} {[%emt 00:00:17]} 12. Kb1
{[%clk 01:19:19]} {[%emt 00:00:29]} Nf8 {[%clk 01:16:09]} {[%emt 00:00:19]} 13.
Ne2 {[%clk 01:19:27]} {[%emt 00:00:21]} b5 {[%clk 01:16:07]} {[%emt 00:00:33]}
14. c5 {[%clk 01:12:53]} {[%emt 00:07:02]} Bc7 {[%clk 01:10:20]} {[%emt
00:06:18]} 15. Nf4 {[%clk 01:11:47]} {[%emt 00:01:36]} Bxf4 {[%clk 01:05:16]}
{[%emt 00:05:35]} 16. Bxf4 {[%clk 01:12:13]} {[%emt 00:00:03]} a5 {[%clk
01:04:53]} {[%emt 00:00:54]} 17. h3 {[%clk 01:10:55]} {[%emt 00:01:47]} g6
{[%clk 01:04:44]} {[%emt 00:00:39]} 18. g4 {[%clk 01:11:02]} {[%emt 00:00:23]}
h4 {[%clk 01:04:55]} {[%emt 00:00:20]} 19. Rhg1 {[%clk 01:11:01]} {[%emt
00:00:30]} b4 {[%clk 01:04:54]} {[%emt 00:00:32]} 20. Bc4 {[%clk 01:11:03]}
{[%emt 00:00:27]} a4 {[%clk 01:02:18]} {[%emt 00:03:07]} 21. Bxe6 {[%clk
01:10:05]} {[%emt 00:01:27]} Nxe6 {[%clk 01:02:25]} {[%emt 00:00:23]} 22. Bd6
{[%clk 01:10:02]} {[%emt 00:00:34]} Qa5 {[%clk 01:01:44]} {[%emt 00:01:11]} 23.
Qc4 {[%clk 01:09:20]} {[%emt 00:01:10]} Ng5 {[%clk 00:59:02]} {[%emt 00:03:12]}
24. f4 {[%clk 01:08:53]} {[%emt 00:00:58]} Ne4 {[%clk 00:58:52]} {[%emt
00:00:37]} 25. f5 {[%clk 01:08:46]} {[%emt 00:00:40]} Nxd6 {[%clk 00:58:29]}
{[%emt 00:00:54]} 26. cxd6 {[%clk 01:09:05]} {[%emt 00:00:10]} g5 {[%clk
00:58:34]} {[%emt 00:00:26]} 27. d7 {[%clk 01:08:51]} {[%emt 00:00:44]} Reb8
{[%clk 00:57:53]} {[%emt 00:01:12]} 28. Qxc6 {[%clk 01:08:25]} {[%emt
00:00:55]} Kg7 {[%clk 00:57:51]} {[%emt 00:00:32]} 29. Rc1 {[%clk 01:07:55]}
{[%emt 00:00:59]} Qd8 {[%clk 00:55:17]} {[%emt 00:03:04]} 30. Rge1 {[%clk
01:07:47]} {[%emt 00:00:38]} b3 {[%clk 00:48:32]} {[%emt 00:07:16]} 31. a3
{[%clk 01:06:00]} {[%emt 00:02:17]} Qa5 {[%clk 00:48:35]} {[%emt 00:00:26]} 32.
Re7 {[%clk 01:04:54]} {[%emt 00:01:36]} Rd8 {[%clk 00:47:17]} {[%emt 00:01:49]}
33. Qe6 {[%clk 01:04:06]} {[%emt 00:01:17]} Rf8 {[%clk 00:46:28]} {[%emt
00:01:19]} 34. Rc6 {[%clk 01:03:48]} {[%emt 00:00:48]} Kg8 {[%clk 00:44:18]}
{[%emt 00:02:40]} 35. Qxf6 {[%clk 01:03:54]} {[%emt 00:00:24]} Qd2 {[%clk
00:44:20]} {[%emt 00:00:28]} 36. Rc3 {[%clk 01:01:06]} {[%emt 00:03:17]} Qd1+
{[%clk 00:42:09]} {[%emt 00:02:42]} 37. Rc1 {[%clk 01:01:33]} {[%emt 00:00:04]}
Qd3+ {[%clk 00:41:47]} {[%emt 00:00:52]} 38. Ka1 {[%clk 01:01:56]} {[%emt
00:00:07]} Qd2 {[%clk 00:41:32]} {[%emt 00:00:45]} 39. Rb1 {[%clk 01:02:01]}
{[%emt 00:00:24]} Rab8 {[%clk 00:41:29]} {[%emt 00:00:34]} 40. Re2 {[%clk
00:56:03]} {[%emt 00:06:27]} Qf4 {[%clk 00:40:44]} {[%emt 00:01:11]} 41. Rbe1
{[%clk 00:55:24]} {[%emt 00:01:13]} Kh7 {[%clk 00:39:22]} {[%emt 00:01:52]} 42.
Re8 {[%clk 00:55:18]} {[%emt 00:00:36]} Qd2 {[%clk 00:37:57]} {[%emt 00:01:55]}
43. d8=Q {[%clk 00:55:20]} {[%emt 00:00:28]} Rxd8 {[%clk 00:37:35]} {[%emt
00:00:52]} 44. Qxd8 {[%clk 00:55:36]} {[%emt 00:00:14]} Qxe1+ {[%clk 00:37:38]}
{[%emt 00:00:28]} 45. Rxe1 {[%clk 00:55:52]} {[%emt 00:00:13]} Rxd8 {[%clk
00:38:03]} {[%emt 00:00:06]} 46. Re4 {[%clk 00:55:35]} {[%emt 00:00:45]} Rc8
{[%clk 00:37:07]} {[%emt 00:01:27]} 47. Kb1 {[%clk 00:55:53]} {[%emt 00:00:12]}
Rc4 {[%clk 00:37:00]} {[%emt 00:00:37]} 48. Re7 {[%clk 00:52:29]} {[%emt
00:03:54]} Kg7 {[%clk 00:36:58]} {[%emt 00:00:32]} 49. Rd7 {[%clk 00:51:58]}
{[%emt 00:01:02]} Kf6 {[%clk 00:36:32]} {[%emt 00:00:56]} 50. d5 {[%clk
00:52:07]} {[%emt 00:00:21]} Rd4 {[%clk 00:36:15]} {[%emt 00:00:46]} 51. Kc1
{[%clk 00:52:18]} {[%emt 00:00:19]} Rd3 {[%clk 00:36:35]} {[%emt 00:00:11]} 52.
d6 {[%clk 00:51:58]} {[%emt 00:00:50]} Ke5 {[%clk 00:36:13]} {[%emt 00:00:52]}
53. Rxf7 {[%clk 00:51:46]} {[%emt 00:00:41]} Rxd6 {[%clk 00:36:33]} {[%emt
00:00:10]} 54. Ra7 {[%clk 00:51:56]} {[%emt 00:00:20]} Ke4 {[%clk 00:36:08]}
{[%emt 00:00:55]} 55. Rxa4+ {[%clk 00:52:08]} {[%emt 00:00:18]} Ke3 {[%clk
00:36:29]} {[%emt 00:00:09]} 56. Rb4 {[%clk 00:52:08]} {[%emt 00:00:31]} Rd3
{[%clk 00:36:16]} {[%emt 00:00:43]} 57. f6 {[%clk 00:52:15]} {[%emt 00:00:23]}
Ke2 {[%clk 00:35:40]} {[%emt 00:01:06]} 58. Re4+ {[%clk 00:52:31]} {[%emt
00:00:13]} Kf2 {[%clk 00:35:19]} {[%emt 00:00:51]} 59. f7 {[%clk 00:52:17]}
{[%emt 00:00:44]} Rf3 {[%clk 00:35:16]} {[%emt 00:00:34]} 60. Re7 {[%clk
00:52:17]} {[%emt 00:00:29]} Kg3 {[%clk 00:35:20]} {[%emt 00:00:26]} 61. Re3
{[%clk 00:52:22]} {[%emt 00:00:25]} Rxe3 {[%clk 00:35:25]} {[%emt 00:00:26]}
62. f8=Q {[%clk 00:52:43]} {[%emt 00:00:09]} Kxh3 {[%clk 00:35:36]} {[%emt
00:00:18]} 63. Qf2 {[%clk 00:52:47]} {[%emt 00:00:25]} Rg3 {[%clk 00:35:33]}
{[%emt 00:00:34]} 64. a4 {[%clk 00:52:53]} {[%emt 00:00:24]} Kxg4 {[%clk
00:35:44]} {[%emt 00:00:20]} 65. a5 {[%clk 00:53:07]} {[%emt 00:00:16]} h3
{[%clk 00:35:43]} {[%emt 00:00:30]} 66. a6 {[%clk 00:53:18]} {[%emt 00:00:20]}
Rg2 {[%clk 00:34:56]} {[%emt 00:01:17]} 67. Qf1 {[%clk 00:52:52]} {[%emt
00:00:55]} Rc2+ {[%clk 00:34:49]} {[%emt 00:00:37]} 68. Kb1 {[%clk 00:52:51]}
{[%emt 00:00:31]} h2 {[%clk 00:34:37]} {[%emt 00:00:42]} 69. a7 {[%clk
00:52:54]} {[%emt 00:00:27]} Rc8 {[%clk 00:33:53]} {[%emt 00:01:14]} 70. Qg2+
{[%clk 00:53:03]} {[%emt 00:00:19]} Kh5 {[%clk 00:33:41]} {[%emt 00:00:44]} 71.
Qxh2+ {[%clk 00:53:15]} {[%emt 00:00:18]} Kg6 {[%clk 00:33:52]} {[%emt
00:00:17]} 72. Qh1 {[%clk 00:53:27]} {[%emt 00:00:20]} g4 {[%clk 00:33:56]}
{[%emt 00:00:26]} 73. a8=Q {[%clk 00:53:50]} {[%emt 00:00:07]} Rxa8 {[%clk
00:34:11]} {[%emt 00:00:15]} 74. Qxa8 {[%clk 00:54:12]} {[%emt 00:00:08]} Kf5
{[%clk 00:34:35]} {[%emt 00:00:06]} 75. Qg2 {[%clk 00:54:29]} {[%emt 00:00:13]}
1-0

[Event "DEM U10 2023"]
[Site "Willingen GER"]
[Date "2023.05.31"]
[Round "6"]
[White "Cremann, Jannis"]
[Black "Meitzner, Jonathan Franz"]
[Result "0-1"]
[Termination "normal"]
[Board "12"]
[WhiteElo "1324"]
[BlackElo "1314"]
[WhiteClock "00:58:58"]
[BlackClock "00:07:09"]
[PlyCount "63"]
[WhiteFideId "34660178"]
[BlackFideId "34616110"]
[EventCountry "GER"]
[EventRounds "11"]
[EventType "swiss"]
[EventDate "2023.05.27"]

1. c4 {[%clk 01:15:58]} e5 {[%clk 01:15:44]} {[%emt 00:00:17]} 2. g3 {[%clk
01:15:56]} {[%emt 00:00:31]} Nf6 {[%clk 01:15:01]} {[%emt 00:01:14]} 3. Bg2
{[%clk 01:14:56]} {[%emt 00:01:30]} Be7 {[%clk 01:13:26]} {[%emt 00:02:05]} 4.
Nc3 {[%clk 01:15:06]} {[%emt 00:00:20]} O-O {[%clk 01:10:46]} {[%emt 00:03:10]}
5. e3 {[%clk 01:13:40]} {[%emt 00:01:50]} c6 {[%clk 01:10:33]} {[%emt
00:00:49]} 6. d4 {[%clk 01:12:52]} {[%emt 00:01:17]} exd4 {[%clk 01:10:44]}
{[%emt 00:00:20]} 7. exd4 {[%clk 01:13:11]} {[%emt 00:00:11]} d5 {[%clk
01:08:48]} {[%emt 00:02:26]} 8. cxd5 {[%clk 01:12:24]} {[%emt 00:01:16]} cxd5
{[%emt 00:03:45]} 9. Nge2 {[%clk 01:12:25]} Be6 {[%clk 00:57:13]} {[%emt
00:09:18]} 10. Qb3 {[%clk 01:08:56]} {[%emt 00:03:59]} Qd7 {[%clk 00:57:10]}
{[%emt 00:00:33]} 11. Nf4 {[%clk 01:08:45]} {[%emt 00:00:42]} Nc6 {[%clk
00:56:39]} {[%emt 00:01:02]} 12. Be3 {[%clk 01:08:10]} {[%emt 00:01:04]} Rad8
{[%clk 00:56:11]} {[%emt 00:00:58]} 13. O-O {[%clk 01:07:38]} {[%emt 00:01:02]}
b6 {[%clk 00:44:11]} {[%emt 00:12:31]} 14. Rac1 {[%clk 01:06:56]} {[%emt
00:01:11]} Na5 {[%clk 00:35:17]} {[%emt 00:09:24]} 15. Qb5 {[%clk 01:06:29]}
{[%emt 00:00:57]} Qxb5 {[%clk 00:33:17]} {[%emt 00:02:30]} 16. Nxb5 {[%clk
01:06:11]} {[%emt 00:00:48]} Bd7 {[%clk 00:30:34]} {[%emt 00:03:14]} 17. Nc7
{[%clk 01:05:01]} {[%emt 00:01:40]} Bc6 {[%clk 00:29:22]} {[%emt 00:01:42]} 18.
Nd3 {[%clk 01:04:15]} {[%emt 00:01:16]} Rc8 {[%clk 00:27:32]} {[%emt 00:02:20]}
19. Bf4 {[%emt 00:02:49]} Rfd8 {[%clk 00:20:57]} {[%emt 00:05:15]} 20. b4
{[%clk 01:02:17]} {[%emt 00:01:58]} Nc4 {[%clk 00:17:34]} {[%emt 00:03:53]} 21.
Ne5 {[%clk 01:01:46]} {[%emt 00:01:01]} Rxc7 {[%clk 00:17:21]} {[%emt
00:00:43]} 22. Nxc4 {[%emt 00:03:28]} Rcc8 {[%clk 00:14:02]} {[%emt 00:01:01]}
23. Ne5 {[%clk 01:00:59]} {[%emt 00:01:07]} Bb5 {[%clk 00:14:01]} {[%emt
00:00:31]} 24. Rxc8 {[%clk 01:00:36]} {[%emt 00:00:53]} Rxc8 {[%clk 00:14:19]}
{[%emt 00:00:12]} 25. Rb1 {[%clk 01:00:26]} {[%emt 00:00:41]} Rc2 {[%clk
00:12:37]} {[%emt 00:02:10]} 26. a3 {[%clk 01:00:23]} {[%emt 00:00:34]} h6
{[%clk 00:08:19]} {[%emt 00:04:48]} 27. Bf1 {[%clk 01:00:07]} {[%emt 00:00:45]}
Bxf1 {[%clk 00:07:57]} {[%emt 00:00:53]} 28. Kxf1 {[%clk 01:00:21]} {[%emt
00:00:15]} Ne4 {[%clk 00:07:53]} {[%emt 00:00:35]} 29. Nd3 {[%clk 00:59:41]}
{[%emt 00:01:09]} Rc3 {[%clk 00:07:50]} {[%emt 00:00:33]} 30. Ne5 {[%clk
00:59:24]} {[%emt 00:00:47]} Rxa3 {[%clk 00:07:09]} {[%emt 00:01:11]} 31. Nc6
{[%clk 00:59:09]} {[%emt 00:00:45]} Bf6 {[%clk 00:07:09]} {[%emt 00:00:29]} 32.
Be3 {[%clk 00:58:58]} {[%emt 00:00:42]} 0-1